000 01799nam0a2200397 4500
001 RU\NLR\bibl\1830370
005 20250616164151.0
010 _a978-5-93962-498-5
_9500
021 _aRU
_b2011-77535
035 _a(NLR Aleph) 001820877
090 _a2003882
_c2003882
100 _a20111108d2011 |||y0rusy50 ca
101 0 _arus
_aeng
102 _aRU
105 _ay |||||||||
200 1 _aАксиологический фразеологический словарь английского языка
_dAxiological dictionary of english idioms
_eсловарь ценностей и антиценностей
_fЛ.К. Байрамова
_zeng
210 _aКазань
_cЦентр инновационных технологий
_d2011
215 _a375 с.
_d22
320 _aБиблиогр. указ.: с. 314-319
320 _aУказ. фразеологизмов: с. 322-363
320 _aУказ. слотов: с. 364-374
510 1 _6z73790
_aAxiological dictionary of english idioms
_zeng
606 1 _aАнглийский язык
_xФразеологические словари
_xРусский язык
_9972510
_3RU\NLR\auth\6646133
606 1 _aАнглийский язык
_xАксиологические словари
_92628807
_3RU\NLR\auth\661565367
686 _aШ143.21-433.1
686 _aШ143.21-49
686 _aШ141.12-433.2
700 1 _4070
_7ca
_8rus
_aБайрамова
_bЛ. К.
_f1935-
_gЛуиза Каримовна
_970573
_3RU\NLR\AUTH\7787645
790 1 _4070
_7ba
_8rus
_aBajramova
_bL. K.
_f1935-
_gLuiza Karimovna
_970574
_3RU\NLR\AUTH\7787646
801 0 _aRU
_bNLR
_c20111108
_gRCR
801 1 _aRU
_bNLR
_c20111108
942 _cBOOK
980 _aNB
980 _aNBR